Il metodo famiglia felice (Record n. 357920)

Dettagli MARC
000 -LEADER
campo di controllo lung. fissa 02145nam a22002057a 4500
003 - Identificatore del numero di controllo
campo di controllo IT-MiCISF
005 - Data e orario dell'ultima transazione
campo di controllo 20180704111326.0
008 - Elementi di lunghezza fissa--Informazione generale
campo di controllo lung. fissa 180704b ||||| |||| 00| 0 eng d
040 ## - Fonte della catalogazione
Agenzia che fa la trascrizione IT-MiCISF
041 ## - Codice di lingua
Codice di lingua del testo/traccia sonora o titolo separato it
100 ## - Accesso principale -- nome di persona
Nome di persona Pellai Alberto, Tamborini Barbara
9 (RLIN) 57277
245 ## - Formulazione del titolo
Titolo Il metodo famiglia felice
Complemento del titolo Come allenare i figli alla vita
260 ## - Pubblicazione, distribuzione, ecc. (stampa)
Luogo di pubblicazione, distribuzione, ecc. Milano
Nome dell'editore, distributore, ecc. De Agostini
Data di pubblicazione, distribuzione, ecc. 2018
300 ## - Descrizione fisica
Estensione pp. 250
500 ## - Nota generale
Nota generale famiglia, rapporti-genitori-figli, educazione, genitorialità
520 ## - Riassunto, ecc.
Nota di riassunto, ecc. Non è vero che tutte le famiglie felici si assomigliano. La felicità di una famiglia non è la totale assenza di problemi, non è un’unità di misura e nemmeno una foto incorniciata in bella mostra sopra uno scaffale del salotto. La felicità – in quel turbolento e sempre diverso ecosistema che si crea ovunque ci sia un rapporto tra genitori e figli – è piuttosto qualcosa che ha a che fare con la consapevolezza e l’autostima. Nelle parole di Alberto Pellai e Barbara Tamborini: «una famiglia consapevole ha un progetto e una direzione, non improvvisa le scelte educative e sa sfruttare i momenti chiave della vita». La più autorevole coppia italiana di psicoterapeuti torna con un libro unico nel suo genere, scritto nella chiave totalmente inedita del gioco e nel linguaggio semplice e comunicativo che ne ha già reso celebri gli autori, per insegnarci come il livello di autostima famigliare può condizionare l’insieme di abitudini, linguaggi e automatismi che regolano la vita quotidiana tra le mura di casa. Un manuale per potenziare l’autostima di tutti – dei grandi così come dei piccoli – attraverso un metodo fondato sui sei pilastri che reggono un nucleo domestico: la famiglia, gli amici, il corpo, le emozioni, la scuola e il lavoro, l’ambiente. Un viaggio da percorrere insieme, giorno dopo giorno, attraverso quiz, test, sfide creative e racconti esemplari per consentire a ciascuno di prendere coscienza dei propri pregi e dei propri difetti e sviluppare le competenze che possono fare di una famiglia una famiglia felice.
650 ## - Accesso aggiunto di soggetto--termine topico
Termine topico o nome geografico come accesso famiglia
9 (RLIN) 56036
654 ## - Accesso aggiunto di soggetto--termini topici faccettati
Termine principale saggio
942 ## - Dati aggiuntivi (Koha)
Fonte della classificazione o dello schema di collocazione (segnatura) Dewey Decimal Classification
Tipo copia default (Koha) LIBRO
Dati di copia
Ritirato (status) Perso (status) Fonte della classificazione o dello schema di collocazione (segnatura) Danneggiato (status) Non per il presito Biblioteca proprietaria Biblioteca in cui si trova Data d'acquisizione Totale prestiti Collocazione Codice a barre Data ultima operazione Prezzo in vigore dal Tipo copia default (Koha)
    Dewey Decimal Classification Buone Condizioni Not For Loan CISF - Milano CISF - Milano 04/07/2018   b7461 9788851153434 04/07/2018 04/07/2018 LIBRO
CREDITS: SOCIETA' SAN PAOLO Via A.Severo, 58 - ROMA (RM) & PERIODICI SAN PAOLO SRL Via Giotto, 36 MILANO & CISF Via Giotto, 36 MILANO & EDIZIONI SAN PAOLO SRL,  Piazza Soncino, 5 CINISELLO BALSAMO (MI) -- ITALY